El patrañuelo / (Record n. 10979)

Dettagli MARC
000 -LEADER
fixed length control field 00784nam a2200229 i 4500
003 - CONTROL NUMBER IDENTIFIER
control field IT-RoINE
005 - DATE AND TIME OF LATEST TRANSACTION
control field 20160215102315.0
008 - FIXED-LENGTH DATA ELEMENTS--GENERAL INFORMATION
fixed length control field 990701s1949 sp r 0 1 spa d
040 ## - CATALOGING SOURCE
Original cataloging agency SpMaBN
Transcribing agency CDM IT-RoINE
Modifying agency IT-RoINE
100 1# - MAIN ENTRY--PERSONAL NAME
Personal name Timoneda, Juan de,
Dates associated with a name ca. 1518-1583
9 (RLIN) 22615
245 13 - TITLE STATEMENT
Title El patrañuelo /
Statement of responsibility, etc Juan Timoneda ; edición, prólogo y notas de Federico Ruiz Morcuende.
260 ## - PUBLICATION, DISTRIBUTION, ETC. (IMPRINT)
Place of publication, distribution, etc Madrid :
Name of publisher, distributor, etc Espasa-Calpe,
Date of publication, distribution, etc 1949.
300 ## - PHYSICAL DESCRIPTION
Extent LX, 223 p. ;
Dimensions 19 cm.
336 ## - CONTENT TYPE
Source rdacontent
Content type term text
337 ## - MEDIA TYPE
Source rdamedia
Media type term unmediated
338 ## - CARRIER TYPE
Source rdacarrier
Carrier type term volume
490 1# - SERIES STATEMENT
Series statement Clásicos castellanos ;
Volume number/sequential designation 101
504 ## - BIBLIOGRAPHY, ETC. NOTE
Bibliography, etc Bibliografía: LI-LX.
700 1# - ADDED ENTRY--PERSONAL NAME
Personal name Ruiz Morcuende, Federico,
9 (RLIN) 22570
Dates associated with a name n. 1890
830 #0 - SERIES ADDED ENTRY--UNIFORM TITLE
9 (RLIN) 22520
Uniform title Clásicos castellanos (Espasa-Calpe) ;
Volume number/sequential designation 101
942 ## - ADDED ENTRY ELEMENTS (KOHA)
Item type Monografías
Dati di copia
Withdrawn status Lost status Damaged status Not for loan Home library Current library Date acquired Total Checkouts Full call number Barcode Date last seen Price effective from Koha item type
        Iglesia Nacional Española en Roma Iglesia Nacional Española en Roma 15/02/2016   COL.A 31.101 19618 15/02/2016 15/02/2016 Monografías